| 000 | 00803cam a2200265 a 4500 | ||
|---|---|---|---|
| 008 | |||
| 020 | _a0070325987 (hbk.) | ||
| 049 | _aMAIN | ||
| 090 |
_aTH7414 _bJOH |
||
| 100 | 1 | _aJohnson, Timothy E. | |
| 245 | 1 | 0 |
_aSolar architecture : _bthe direct gain approach / _cTimothy E. Johnson. |
| 260 |
_aNew York : _bMcGraw-Hill, _cc1981. |
||
| 300 |
_av, 218 p. : _bill. ; _c24 cm. |
||
| 440 | 3 | _aAn Energy learning systems book | |
| 504 | _aIncludes bibliographies. | ||
| 500 | _aIncludes index | ||
| 650 | 0 | _aSolar houses. | |
| 650 | 0 |
_aSolar energy _xPassive systems. |
|
| 650 | 0 | _aArchitecture and solar radiation. | |
| 907 |
_a.b10070278 _b16-04-12 _c17-04-03 |
||
| 003 | |||
| 005 | 20230123133705.0 | ||
| 040 | _cNUST | ||
| 942 |
_cBOOKS _kTH7414 _mJOH |
||
| 999 |
_c152941 _d152941 |
||